| 000 | 00870nam a2200241 a 4500 | ||
|---|---|---|---|
| 008 | |||
| 020 | _a090303168X (pbk.) | ||
| 049 | _aMAIN | ||
| 090 | _aTA145 | ||
| 245 | 0 | 0 |
_aField engineering : _ban introduction to development work and construction in rural areas / _ccompiled and edited by Peter Stern and others, from an original work by F. Longland. |
| 260 |
_aLondon : _bIntermediate Technology, _c1983. |
||
| 300 |
_axxii, 251 p. : _bill., 2 maps, plans ; _c22 cm. |
||
| 500 | _aIncludes bibliographical references | ||
| 650 | 0 | _aAgricultural engineering. | |
| 653 |
_aAgriculture _aField engineering |
||
| 700 | 1 | _aStern, Peter H. | |
| 700 | 1 |
_aLongland, F. _tField engineering. |
|
| 907 |
_a.b10008019 _b13-09-19 _c17-04-03 |
||
| 003 | |||
| 005 | 20230123134343.0 | ||
| 040 | _cNUST | ||
| 942 |
_cBOOKS _kTA145 |
||
| 999 |
_c164439 _d164439 |
||